MARC

LEADER 00000nam0a2200000 4500
001 120328
005 20231031124939.0
035 |a (RuTPU)RU\TPU\book\130284 
090 |a 120328 
100 |a 20070824d1990 k y0rusy50 ca 
101 0 |a rus 
102 |a RU 
105 |a y b 000zy 
200 1 |a Прокат черных металлов. Лента стальная. Продукция черной металлургии  |e отраслевой каталог  |f Центральный научно-исследовательский институт информации и технико-экономических исследований черной металлургии; сост. В. И. Куклин, Н. М. Шугаева, Л. Н. Бриммерберг и [др.] 
210 |a Москва  |c ЦНИИИ и технико-экономических исследований черной металлургии  |d 1990 
215 |a 82 с. 
610 1 |a каталоги 
610 1 |a ленты 
610 1 |a ленты холоднокатаные 
610 1 |a ленты стальные 
610 1 |a ленты плющенные 
610 1 |a заводы-изготовители 
610 1 |a сталь 
610 1 |a свойства 
610 1 |a сортамент 
610 1 |a микроструктура 
610 1 |a размеры 
610 1 |a предельные отклонения 
610 1 |a прокат черных металлов 
610 1 |a металлургия 
675 |a 621.77(085)  |v 3 
675 |a 669(085)  |v 3 
702 1 |a Куклин  |b В. И.  |4 220 
702 1 |a Шугаева  |b Н. М.  |4 220 
702 1 |a Бриммерберг  |b Л. Н.  |4 220 
712 0 2 |a Центральный научно-исследовательский институт информации и технико-экономических исследований черной металлургии (Черметинформация)  |c (Москва)  |2 stltpush  |3 (RuTPU)RU\TPU\col\12014 
801 1 |a RU  |b 63413507  |c 20070824  |g PSBO 
801 2 |a RU  |b 63413507  |c 20111020  |g PSBO 
942 |c BK